000 00276nam a2200109Ia 4500
008 220204s9999 xx 000 0 und d
082 _a543.061
_bREE
100 _aReedy, J H
245 0 _aTheoretical qualitative analysis
260 _aNew york
_bMcGraw Hill
_c1938
942 _cBK
999 _c19369
_d19369